[Event "DEM U10w 2025"]
[Site "Willingen GER"]
[Date "2025.06.12"]
[Round "7"]
[White "Severin, Selina Jasmin"]
[Black "Missova, Dimana"]
[Result "0-1"]
[Termination "normal"]
[Board "14"]
[WhiteElo "1148"]
[BlackElo "945"]
[WhiteClock "01:07:06"]
[BlackClock "01:25:43"]
[PlyCount "90"]
[WhiteFideId "533043647"]
[BlackFideId "533043582"]
[EventCountry "GER"]
[EventRounds "9"]
[EventType "swiss"]
[EventDate "2025.06.07"]

1. d4 {[%clk 01:30:59]} {[%emt 19:04:25]} d5 {[%clk 01:30:54]} {[%emt
00:00:06]} 2. Nf3 {[%clk 01:31:24]} {[%emt 00:00:05]} e6 {[%clk 01:31:14]}
{[%emt 00:00:10]} 3. c3 {[%clk 01:31:45]} {[%emt 00:00:09]} Nf6 {[%clk
01:31:30]} {[%emt 00:00:14]} 4. Bf4 {[%clk 01:31:52]} {[%emt 00:00:23]} c5
{[%clk 01:31:50]} {[%emt 00:00:10]} 5. e3 {[%clk 01:32:13]} {[%emt 00:00:09]}
Bd6 {[%clk 01:31:53]} {[%emt 00:00:27]} 6. Bg3 {[%clk 01:32:31]} {[%emt
00:00:12]} Ng8 {[%clk 01:32:05]} {[%emt 00:00:18]} 7. Bd3 {[%clk 01:30:41]}
{[%emt 00:02:20]} Nc6 {[%clk 01:32:25]} {[%emt 00:00:10]} 8. Nbd2 {[%clk
01:28:44]} {[%emt 00:02:26]} Nge7 {[%clk 01:32:37]} {[%emt 00:00:18]} 9. Qc2
{[%clk 01:28:45]} {[%emt 00:00:29]} h6 {[%clk 01:32:43]} {[%emt 00:00:24]} 10.
Rc1 {[%clk 01:27:13]} {[%emt 00:02:02]} O-O {[%clk 01:32:16]} {[%emt 00:00:58]}
11. O-O {[%clk 01:27:33]} {[%emt 00:00:09]} f6 {[%clk 01:32:28]} {[%emt
00:00:18]} 12. Bxd6 {[%clk 01:21:32]} {[%emt 00:06:30]} Qxd6 {[%clk 01:32:45]}
{[%emt 00:00:13]} 13. dxc5 {[%clk 01:21:02]} {[%emt 00:01:00]} Qxc5 {[%clk
01:32:55]} {[%emt 00:00:20]} 14. Nb3 {[%clk 01:21:24]} {[%emt 00:00:07]} Qd6
{[%clk 01:33:01]} {[%emt 00:00:25]} 15. Nh4 {[%clk 01:21:22]} {[%emt 00:00:31]}
Qd8 {[%clk 01:28:01]} {[%emt 00:05:31]} 16. Ng6 {[%clk 01:21:02]} {[%emt
00:00:50]} Nxg6 {[%clk 01:27:20]} {[%emt 00:01:11]} 17. Bxg6 {[%clk 01:21:24]}
{[%emt 00:00:07]} Ne7 {[%clk 01:27:33]} {[%emt 00:00:18]} 18. Bh5 {[%clk
01:18:06]} {[%emt 00:03:48]} e5 {[%clk 01:27:27]} {[%emt 00:00:36]} 19. c4
{[%clk 01:15:32]} {[%emt 00:03:04]} Bf5 {[%clk 01:26:59]} {[%emt 00:00:58]} 20.
Qc3 {[%clk 01:15:46]} {[%emt 00:00:15]} dxc4 {[%clk 01:26:57]} {[%emt
00:00:33]} 21. Qxc4+ {[%clk 01:16:03]} {[%emt 00:00:12]} Qd5 {[%clk 01:27:00]}
{[%emt 00:00:27]} 22. Qxd5+ {[%clk 01:15:59]} {[%emt 00:00:33]} Nxd5 {[%clk
01:27:19]} {[%emt 00:00:11]} 23. Rfd1 {[%clk 01:14:52]} {[%emt 00:01:37]} Nb4
{[%clk 01:27:01]} {[%emt 00:00:48]} 24. a3 {[%clk 01:13:35]} {[%emt 00:01:47]}
Nc6 {[%clk 01:27:06]} {[%emt 00:00:23]} 25. h3 {[%clk 01:12:58]} {[%emt
00:01:10]} Rad8 {[%clk 01:27:02]} {[%emt 00:00:31]} 26. Bg4 {[%clk 01:12:07]}
{[%emt 00:01:22]} Rxd1+ {[%clk 01:27:10]} {[%emt 00:00:23]} 27. Rxd1 {[%clk
01:12:26]} {[%emt 00:00:10]} Bc2 {[%clk 01:27:21]} {[%emt 00:00:19]} 28. Be6+
{[%clk 01:12:32]} {[%emt 00:00:24]} Kh8 {[%clk 01:27:39]} {[%emt 00:00:12]} 29.
Rd7 {[%clk 01:12:26]} {[%emt 00:00:34]} Bxb3 {[%clk 01:27:08]} {[%emt
00:01:03]} 30. Bxb3 {[%clk 01:12:49]} {[%emt 00:00:06]} b6 {[%clk 01:27:20]}
{[%emt 00:00:18]} 31. Ba4 {[%clk 01:12:15]} {[%emt 00:01:04]} Rc8 {[%clk
01:26:48]} {[%emt 00:01:03]} 32. Kf1 {[%clk 01:11:39]} {[%emt 00:01:05]} a5
{[%clk 01:26:31]} {[%emt 00:00:47]} 33. Ke2 {[%clk 01:11:49]} {[%emt 00:00:20]}
Nb8 {[%clk 01:25:56]} {[%emt 00:01:03]} 34. Rb7 {[%clk 01:11:55]} {[%emt
00:00:20]} Na6 {[%clk 01:25:13]} {[%emt 00:01:18]} 35. Rxb6 {[%clk 01:11:50]}
{[%emt 00:00:36]} Nc5 {[%clk 01:25:27]} {[%emt 00:00:16]} 36. Bd1 {[%clk
01:11:52]} {[%emt 00:00:26]} Ra8 {[%clk 01:25:08]} {[%emt 00:00:41]} 37. Rc6
{[%clk 01:11:34]} {[%emt 00:00:57]} Nb7 {[%clk 01:24:59]} {[%emt 00:00:38]} 38.
Rc7 {[%clk 01:11:06]} {[%emt 00:00:59]} Rb8 {[%clk 01:24:59]} {[%emt 00:00:28]}
39. Kf3 {[%clk 01:11:04]} {[%emt 00:00:34]} Nd6 {[%clk 01:25:02]} {[%emt
00:00:26]} 40. b3 {[%emt 00:01:48]} Nb5 {[%clk 01:24:57]} {[%emt 00:00:10]} 41.
Rc5 {[%clk 01:10:30]} {[%emt 00:00:12]} Nxa3 {[%clk 01:24:39]} {[%emt
00:00:50]} 42. Rxa5 {[%clk 01:10:43]} {[%emt 00:00:16]} Nb1 {[%clk 01:24:52]}
{[%emt 00:00:17]} 43. Bc2 {[%clk 01:07:25]} {[%emt 00:03:48]} Nd2+ {[%clk
01:25:07]} {[%emt 00:00:15]} 44. Kg4 {[%clk 01:07:38]} {[%emt 00:00:16]} Nxb3
{[%clk 01:25:23]} {[%emt 00:00:15]} 45. Bg6 {[%clk 01:07:06]} {[%emt 00:01:00]}
Nxa5 {[%clk 01:25:43]} {[%emt 00:00:12]} 0-1

[Event "DEM U10w 2025"]
[Site "Willingen GER"]
[Date "2025.06.12"]
[Round "7"]
[White "Dobrynina, Alona"]
[Black "Reichel, Anneke"]
[Result "0-1"]
[Termination "normal"]
[Board "15"]
[WhiteElo "1031"]
[BlackElo "890"]
[WhiteClock "00:56:02"]
[BlackClock "01:16:40"]
[PlyCount "74"]
[WhiteFideId "533043540"]
[BlackFideId "533043612"]
[EventCountry "GER"]
[EventRounds "9"]
[EventType "swiss"]
[EventDate "2025.06.07"]

1. e4 {[%clk 01:30:57]} {[%emt 00:00:03]} d5 {[%clk 01:30:56]} {[%emt
00:00:05]} 2. exd5 {[%clk 01:31:21]} {[%emt 00:00:05]} Nf6 {[%clk 01:31:22]}
{[%emt 00:00:04]} 3. Nf3 {[%clk 01:31:30]} {[%emt 00:00:21]} Nxd5 {[%clk
01:31:37]} {[%emt 00:00:16]} 4. d4 {[%clk 01:31:45]} {[%emt 00:00:14]} Bf5
{[%clk 01:31:59]} {[%emt 00:00:07]} 5. Be2 {[%clk 01:31:28]} {[%emt 00:00:48]}
g6 {[%clk 01:32:23]} {[%emt 00:00:07]} 6. O-O {[%clk 01:31:46]} {[%emt
00:00:12]} Bg7 {[%clk 01:32:50]} {[%emt 00:00:03]} 7. c4 {[%clk 01:32:00]}
{[%emt 00:00:16]} Nb6 {[%clk 01:32:55]} {[%emt 00:00:24]} 8. c5 {[%clk
01:32:17]} {[%emt 00:00:14]} Nd5 {[%clk 01:33:20]} {[%emt 00:00:05]} 9. Nc3
{[%clk 01:32:29]} {[%emt 00:00:18]} O-O {[%clk 01:32:39]} {[%emt 00:01:11]} 10.
Bg5 {[%clk 01:32:29]} {[%emt 00:00:30]} Nc6 {[%clk 01:31:38]} {[%emt 00:01:31]}
11. Bc4 {[%clk 01:32:14]} {[%emt 00:00:44]} Be6 {[%clk 01:31:37]} {[%emt
00:00:29]} 12. Qb3 {[%clk 01:31:18]} {[%emt 00:01:29]} Nxc3 {[%clk 01:31:16]}
{[%emt 00:00:51]} 13. Qxb7 {[%clk 01:29:42]} {[%emt 00:02:05]} Na5 {[%clk
01:31:15]} {[%emt 00:00:27]} 14. Qb4 {[%clk 01:28:00]} {[%emt 00:02:15]} Nxc4
{[%clk 01:30:56]} {[%emt 00:00:51]} 15. Qxc3 {[%clk 01:27:45]} {[%emt
00:00:44]} c6 {[%clk 01:30:49]} {[%emt 00:00:37]} 16. Rad1 {[%clk 01:25:57]}
{[%emt 00:02:17]} Bd5 {[%clk 01:28:47]} {[%emt 00:02:33]} 17. Rfe1 {[%clk
01:23:49]} {[%emt 00:02:37]} Re8 {[%clk 01:27:37]} {[%emt 00:01:42]} 18. Qc1
{[%clk 01:22:42]} {[%emt 00:01:37]} Qd7 {[%clk 01:26:51]} {[%emt 00:01:15]} 19.
h3 {[%clk 01:20:28]} {[%emt 00:02:45]} Bxf3 {[%clk 01:26:52]} {[%emt 00:00:31]}
20. gxf3 {[%clk 01:20:35]} {[%emt 00:00:22]} Na5 {[%clk 01:26:59]} {[%emt
00:00:21]} 21. Qd2 {[%clk 01:17:49]} {[%emt 00:03:19]} Nb7 {[%clk 01:26:54]}
{[%emt 00:00:35]} 22. Re4 {[%clk 01:16:49]} {[%emt 00:01:28]} f6 {[%clk
01:25:42]} {[%emt 00:01:44]} 23. Bh6 {[%clk 01:16:31]} {[%emt 00:00:48]} Bh8
{[%clk 01:23:44]} {[%emt 00:02:28]} 24. Qc3 {[%clk 01:13:03]} {[%emt 00:03:55]}
Nd8 {[%clk 01:21:06]} {[%emt 00:03:10]} 25. Qc4+ {[%clk 01:13:02]} {[%emt
00:00:30]} Nf7 {[%clk 01:21:29]} {[%emt 00:00:08]} 26. Rg4 {[%clk 01:11:16]}
{[%emt 00:02:14]} f5 {[%clk 01:21:01]} {[%emt 00:00:59]} 27. Rh4 {[%clk
01:10:22]} {[%emt 00:01:23]} Bf6 {[%clk 01:20:08]} {[%emt 00:01:25]} 28. Rf4
{[%clk 01:04:37]} {[%emt 00:06:14]} g5 {[%clk 01:19:52]} {[%emt 00:00:47]} 29.
Qf1 {[%clk 01:03:48]} {[%emt 00:01:14]} Nxh6 {[%clk 01:19:11]} {[%emt
00:01:15]} 30. Qg2 {[%clk 01:03:46]} {[%emt 00:00:31]} Kh8 {[%clk 01:19:19]}
{[%emt 00:00:24]} 31. Qg3 {[%clk 01:01:55]} {[%emt 00:02:17]} Rg8 {[%clk
01:18:19]} {[%emt 00:01:33]} 32. Qh2 {[%clk 01:01:39]} {[%emt 00:00:44]} gxf4+
{[%clk 01:17:48]} {[%emt 00:01:04]} 33. Kh1 {[%clk 01:01:25]} {[%emt 00:00:41]}
Qd5 {[%clk 01:17:53]} {[%emt 00:00:27]} 34. Rd3 {[%clk 01:00:35]} {[%emt
00:01:20]} e5 {[%clk 01:18:01]} {[%emt 00:00:22]} 35. Ra3 {[%clk 00:57:25]}
{[%emt 00:03:39]} Qxd4 {[%clk 01:18:00]} {[%emt 00:00:32]} 36. Rc3 {[%clk
00:55:53]} {[%emt 00:02:02]} Qd1+ {[%clk 01:16:14]} {[%emt 00:02:14]} 37. Qg1
{[%clk 00:56:02]} {[%emt 00:00:21]} Qxg1# {[%clk 01:16:40]} {[%emt 00:00:05]}
0-1

[Event "DEM U10w 2025"]
[Site "Willingen GER"]
[Date "2025.06.12"]
[Round "7"]
[White "Kruijssen, Hilde"]
[Black "Winkler, Anni"]
[Result "0-1"]
[Termination "normal"]
[Board "16"]
[WhiteElo "1457"]
[BlackElo "1659"]
[WhiteClock "00:13:05"]
[BlackClock "00:40:46"]
[PlyCount "80"]
[WhiteFideId "40100090"]
[BlackFideId "34622349"]
[EventCountry "GER"]
[EventRounds "9"]
[EventType "swiss"]
[EventDate "2025.06.07"]

1. d4 {[%clk 01:30:58]} {[%emt 00:00:01]} d5 {[%clk 01:30:23]} {[%emt
00:00:38]} 2. Bf4 {[%clk 01:31:11]} {[%emt 00:00:17]} Nf6 {[%clk 01:30:00]}
{[%emt 00:00:53]} 3. Nc3 {[%emt 00:01:54]} c5 {[%clk 01:29:23]} 4. e3 {[%clk
01:29:55]} {[%emt 00:01:28]} cxd4 {[%clk 01:29:29]} {[%emt 00:00:24]} 5. exd4
{[%clk 01:29:50]} {[%emt 00:00:34]} a6 {[%clk 01:29:29]} {[%emt 00:00:30]} 6.
Nf3 {[%clk 01:28:17]} {[%emt 00:02:03]} Bg4 {[%clk 01:28:53]} {[%emt 00:01:06]}
7. Be2 {[%clk 01:27:00]} {[%emt 00:01:46]} Bxf3 {[%clk 01:28:44]} {[%emt
00:00:40]} 8. Bxf3 {[%clk 01:26:00]} {[%emt 00:01:30]} e6 {[%clk 01:25:21]}
{[%emt 00:03:54]} 9. O-O {[%clk 01:23:47]} {[%emt 00:02:42]} Nc6 {[%clk
01:24:26]} {[%emt 00:01:22]} 10. Qd2 {[%clk 01:15:54]} {[%emt 00:08:26]} Bd6
{[%clk 01:22:03]} {[%emt 00:02:53]} 11. Ne2 {[%clk 01:15:44]} {[%emt 00:00:39]}
b5 {[%clk 01:18:45]} {[%emt 00:03:46]} 12. Bxd6 {[%clk 01:01:01]} {[%emt
00:15:17]} Qxd6 {[%clk 01:18:48]} {[%emt 00:00:25]} 13. Nf4 {[%clk 01:00:00]}
{[%emt 00:01:33]} O-O {[%clk 01:15:12]} {[%emt 00:04:07]} 14. Rfe1 {[%clk
00:54:38]} {[%emt 00:05:50]} Rfe8 {[%clk 01:08:36]} {[%emt 00:07:08]} 15. Rac1
{[%clk 00:44:57]} {[%emt 00:10:10]} Rac8 {[%clk 01:05:38]} {[%emt 00:03:27]}
16. b3 {[%clk 00:40:52]} {[%emt 00:04:37]} Qb4 {[%clk 01:02:20]} {[%emt
00:03:43]} 17. Qxb4 {[%clk 00:39:16]} {[%emt 00:02:11]} Nxb4 {[%clk 00:59:41]}
{[%emt 00:03:09]} 18. c3 {[%clk 00:34:48]} {[%emt 00:04:58]} Nxa2 {[%clk
00:57:25]} {[%emt 00:02:47]} 19. Rc2 {[%clk 00:33:29]} {[%emt 00:01:48]} Nb4
{[%clk 00:54:08]} {[%emt 00:03:38]} 20. Rcc1 {[%clk 00:31:33]} {[%emt
00:02:35]} Nc6 {[%clk 00:52:58]} {[%emt 00:01:39]} 21. c4 {[%clk 00:28:03]}
{[%emt 00:04:00]} bxc4 {[%clk 00:52:18]} {[%emt 00:01:11]} 22. bxc4 {[%clk
00:28:11]} {[%emt 00:00:21]} Nxd4 {[%clk 00:51:51]} {[%emt 00:00:56]} 23. cxd5
{[%clk 00:27:53]} {[%emt 00:00:49]} Nxf3+ {[%clk 00:51:51]} {[%emt 00:00:31]}
24. gxf3 {[%clk 00:27:51]} {[%emt 00:00:31]} Rxc1 {[%clk 00:51:58]} {[%emt
00:00:23]} 25. Rxc1 {[%clk 00:27:40]} {[%emt 00:00:41]} e5 {[%clk 00:51:41]}
{[%emt 00:00:46]} 26. Nd3 {[%clk 00:26:51]} {[%emt 00:01:20]} Nxd5 {[%clk
00:51:35]} {[%emt 00:00:36]} 27. Re1 {[%clk 00:25:05]} {[%emt 00:02:14]} f6
{[%clk 00:51:29]} {[%emt 00:00:37]} 28. f4 {[%clk 00:24:39]} {[%emt 00:00:57]}
a5 {[%clk 00:47:37]} {[%emt 00:04:22]} 29. fxe5 {[%clk 00:23:27]} {[%emt
00:01:41]} fxe5 {[%clk 00:47:47]} {[%emt 00:00:19]} 30. Ra1 {[%clk 00:22:17]}
{[%emt 00:01:41]} e4 {[%clk 00:44:51]} {[%emt 00:03:27]} 31. Nc5 {[%clk
00:19:30]} {[%emt 00:03:16]} e3 {[%clk 00:41:46]} {[%emt 00:03:36]} 32. f3
{[%clk 00:18:15]} {[%emt 00:01:44]} e2 {[%clk 00:41:14]} {[%emt 00:01:02]} 33.
Re1 {[%clk 00:17:46]} {[%emt 00:01:00]} Nf4 {[%clk 00:40:30]} {[%emt 00:01:09]}
34. Ne4 {[%clk 00:16:28]} {[%emt 00:01:52]} a4 {[%clk 00:40:23]} {[%emt
00:00:37]} 35. Nc3 {[%clk 00:16:18]} {[%emt 00:00:41]} a3 {[%clk 00:40:06]}
{[%emt 00:00:46]} 36. Kf2 {[%clk 00:15:35]} {[%emt 00:01:13]} Nd3+ {[%clk
00:40:17]} {[%emt 00:00:19]} 37. Kg1 {[%clk 00:14:53]} {[%emt 00:01:11]} Nxe1
{[%clk 00:40:38]} {[%emt 00:00:09]} 38. Kf2 {[%clk 00:13:35]} {[%emt 00:01:47]}
Nd3+ {[%clk 00:40:33]} {[%emt 00:00:37]} 39. Kg2 {[%clk 00:13:12]} {[%emt
00:00:52]} e1=Q {[%clk 00:40:42]} {[%emt 00:00:21]} 40. Ne4 {[%clk 00:13:05]}
{[%emt 00:00:38]} Nf4# {[%clk 00:40:46]} {[%emt 00:00:25]} 0-1

[Event "DEM U10w 2025"]
[Site "Willingen GER"]
[Date "2025.06.12"]
[Round "7"]
[White "Andreeva, Katharina"]
[Black "Seyedfakhari, Elena"]
[Result "1-0"]
[Termination "normal"]
[Board "17"]
[WhiteElo "1614"]
[BlackElo "1477"]
[WhiteClock "00:13:56"]
[BlackClock "01:20:11"]
[PlyCount "65"]
[WhiteFideId "533000905"]
[BlackFideId "34639888"]
[EventCountry "GER"]
[EventRounds "9"]
[EventType "swiss"]
[EventDate "2025.06.07"]

1. e4 {[%clk 01:30:58]} e5 {[%clk 01:30:43]} {[%emt 00:00:15]} 2. Nf3 {[%clk
01:31:24]} {[%emt 00:00:05]} Nc6 {[%clk 01:30:53]} {[%emt 00:00:19]} 3. d4
{[%clk 01:31:40]} {[%emt 00:00:17]} exd4 {[%clk 01:31:07]} {[%emt 00:00:16]} 4.
c3 {[%clk 01:32:02]} {[%emt 00:00:08]} dxc3 {[%clk 01:31:29]} {[%emt 00:00:08]}
5. Nxc3 {[%clk 01:32:24]} {[%emt 00:00:08]} d6 {[%clk 01:31:52]} {[%emt
00:00:06]} 6. Bc4 {[%clk 01:32:46]} {[%emt 00:00:08]} Nf6 {[%clk 01:32:05]}
{[%emt 00:00:12]} 7. O-O {[%clk 01:31:43]} {[%emt 00:01:38]} Be7 {[%clk
01:31:06]} {[%emt 00:01:30]} 8. Re1 {[%clk 01:27:17]} {[%emt 00:04:56]} O-O
{[%clk 01:30:43]} {[%emt 00:00:53]} 9. Be3 {[%clk 01:22:33]} {[%emt 00:05:15]}
Bg4 {[%clk 01:30:04]} {[%emt 00:01:02]} 10. Rc1 {[%clk 01:20:27]} {[%emt
00:02:43]} Re8 {[%clk 01:29:00]} {[%emt 00:01:29]} 11. h3 {[%clk 01:16:29]}
{[%emt 00:04:32]} Bxf3 {[%clk 01:28:21]} {[%emt 00:01:08]} 12. Qxf3 {[%clk
01:16:38]} {[%emt 00:00:23]} Qd7 {[%clk 01:27:55]} {[%emt 00:00:52]} 13. Nd5
{[%clk 01:12:40]} {[%emt 00:04:31]} Nxd5 {[%clk 01:27:46]} {[%emt 00:00:38]}
14. Bxd5 {[%clk 01:10:50]} {[%emt 00:02:21]} Bf6 {[%clk 01:27:18]} {[%emt
00:00:52]} 15. Bxc6 {[%clk 01:04:11]} {[%emt 00:07:17]} bxc6 {[%clk 01:27:32]}
{[%emt 00:00:17]} 16. b3 {[%clk 01:01:22]} {[%emt 00:03:18]} Rac8 {[%clk
01:26:49]} {[%emt 00:01:12]} 17. Bf4 {[%clk 00:49:35]} {[%emt 00:12:16]} Be5
{[%clk 01:26:31]} {[%emt 00:00:43]} 18. Bxe5 {[%clk 00:48:27]} {[%emt
00:01:45]} Rxe5 {[%clk 01:26:41]} {[%emt 00:00:21]} 19. Red1 {[%clk 00:44:58]}
{[%emt 00:03:52]} d5 {[%clk 01:26:40]} {[%emt 00:00:34]} 20. Qf4 {[%clk
00:42:38]} {[%emt 00:02:47]} Rxe4 {[%clk 01:25:04]} {[%emt 00:02:13]} 21. Qxe4
{[%clk 00:41:29]} {[%emt 00:01:37]} Rd8 {[%clk 01:24:51]} {[%emt 00:00:45]} 22.
Qf4 {[%clk 00:39:48]} {[%emt 00:02:06]} d4 {[%clk 01:25:07]} {[%emt 00:00:14]}
23. Rd3 {[%clk 00:37:24]} {[%emt 00:02:56]} h6 {[%clk 01:24:00]} {[%emt
00:01:38]} 24. Rc4 {[%clk 00:34:08]} {[%emt 00:03:45]} Re8 {[%clk 01:23:39]}
{[%emt 00:00:45]} 25. Rcxd4 {[%clk 00:28:10]} {[%emt 00:06:35]} Qe7 {[%clk
01:23:33]} {[%emt 00:00:32]} 26. Re3 {[%clk 00:27:14]} {[%emt 00:01:29]} Qf8
{[%clk 01:22:34]} {[%emt 00:01:27]} 27. Rxe8 {[%clk 00:26:05]} {[%emt
00:01:44]} Qxe8 {[%clk 01:22:49]} {[%emt 00:00:15]} 28. Qxc7 {[%clk 00:24:22]}
{[%emt 00:02:11]} Qe6 {[%clk 01:22:10]} {[%emt 00:01:02]} 29. Qg3 {[%clk
00:19:49]} {[%emt 00:04:56]} g5 {[%clk 01:20:43]} {[%emt 00:01:51]} 30. Rd6
{[%clk 00:17:06]} {[%emt 00:03:32]} Qc8 {[%clk 01:20:20]} {[%emt 00:00:43]} 31.
Rxh6 {[%clk 00:16:07]} {[%emt 00:01:39]} Qf5 {[%clk 01:19:53]} {[%emt
00:00:39]} 32. Qb8+ {[%clk 00:14:18]} {[%emt 00:02:34]} Kg7 {[%clk 01:20:11]}
{[%emt 00:00:16]} 33. Qh8# {[%clk 00:13:56]} {[%emt 00:00:19]} 1-0

[Event "DEM U10w 2025"]
[Site "Willingen GER"]
[Date "2025.06.12"]
[Round "7"]
[White "Jodalli, Aarna"]
[Black "Winkler, Helena"]
[Result "1-0"]
[Termination "normal"]
[Board "18"]
[WhiteElo "898"]
[BlackElo "953"]
[WhiteClock "01:24:31"]
[BlackClock "01:33:10"]
[PlyCount "39"]
[WhiteFideId "533043566"]
[BlackFideId "533018847"]
[EventCountry "GER"]
[EventRounds "9"]
[EventType "swiss"]
[EventDate "2025.06.07"]

1. e4 {[%clk 01:30:30]} {[%emt 00:18:13]} e5 {[%clk 01:30:59]} {[%emt
00:00:12]} 2. Nf3 {[%clk 01:31:03]} {[%emt 00:00:20]} Nf6 {[%clk 01:31:23]}
{[%emt 00:00:07]} 3. Nxe5 {[%clk 01:31:19]} {[%emt 00:00:14]} Nc6 {[%clk
01:31:44]} {[%emt 00:00:09]} 4. Nf3 {[%clk 01:31:35]} {[%emt 00:00:13]} Bc5
{[%clk 01:31:56]} {[%emt 00:00:19]} 5. Nc3 {[%clk 01:31:44]} {[%emt 00:00:22]}
Ng4 {[%clk 01:32:12]} {[%emt 00:00:13]} 6. d4 {[%clk 01:32:01]} {[%emt
00:00:14]} Bb6 {[%clk 01:31:24]} {[%emt 00:01:18]} 7. h3 {[%clk 01:31:43]}
{[%emt 00:00:47]} Nf6 {[%clk 01:30:56]} {[%emt 00:00:59]} 8. Bc4 {[%clk
01:31:40]} {[%emt 00:00:33]} O-O {[%clk 01:31:17]} {[%emt 00:00:09]} 9. O-O
{[%clk 01:31:44]} {[%emt 00:00:26]} Nh5 {[%clk 01:31:20]} {[%emt 00:00:26]} 10.
Ng5 {[%clk 01:29:16]} {[%emt 00:02:58]} h6 {[%clk 01:31:19]} {[%emt 00:00:30]}
11. Qxh5 {[%clk 01:28:25]} {[%emt 00:01:18]} hxg5 {[%clk 01:31:33]} {[%emt
00:00:20]} 12. Bxg5 {[%clk 01:28:20]} {[%emt 00:00:34]} g6 {[%clk 01:31:40]}
{[%emt 00:00:23]} 13. Qxg6+ {[%clk 01:28:03]} {[%emt 00:00:47]} Kh8 {[%clk
01:31:52]} {[%emt 00:00:18]} 14. Bf6+ {[%clk 01:27:31]} {[%emt 00:01:02]} Qxf6
{[%clk 01:31:56]} {[%emt 00:00:25]} 15. Qxf6+ {[%clk 01:27:57]} {[%emt
00:00:06]} Kg8 {[%clk 01:32:17]} {[%emt 00:00:08]} 16. Rfe1 {[%clk 01:26:25]}
{[%emt 00:02:02]} Bxd4 {[%clk 01:32:30]} {[%emt 00:00:18]} 17. Qg5+ {[%clk
01:26:01]} {[%emt 00:00:49]} Kh8 {[%clk 01:32:53]} {[%emt 00:00:12]} 18. Rad1
{[%emt 00:02:05]} Bxc3 {[%clk 01:32:58]} 19. bxc3 {[%clk 01:24:33]} {[%emt
00:00:48]} f6 {[%clk 01:33:10]} {[%emt 00:00:17]} 20. Qh6# {[%clk 01:24:31]}
{[%emt 00:00:27]} 1-0

[Event "DEM U10w 2025"]
[Site "Willingen GER"]
[Date "2025.06.12"]
[Round "7"]
[White "Richter Assencio, Victoria"]
[Black "Kasperczyk, Sara"]
[Result "1-0"]
[Termination "normal"]
[Board "21"]
[WhiteElo "955"]
[BlackElo "784"]
[WhiteClock "01:15:52"]
[BlackClock "00:51:45"]
[PlyCount "69"]
[WhiteFideId "533043620"]
[BlackFideId "533043574"]
[EventCountry "GER"]
[EventRounds "9"]
[EventType "swiss"]
[EventDate "2025.06.07"]

1. e4 {[%clk 01:30:37]} {[%emt 00:00:22]} c5 {[%clk 01:30:26]} {[%emt
00:00:35]} 2. c3 {[%clk 01:30:52]} {[%emt 00:00:15]} d6 {[%clk 01:30:09]}
{[%emt 00:00:46]} 3. d4 {[%clk 01:30:55]} {[%emt 00:00:28]} cxd4 {[%clk
01:29:31]} {[%emt 00:01:07]} 4. cxd4 {[%clk 01:31:08]} {[%emt 00:00:18]} Nf6
{[%clk 01:27:02]} {[%emt 00:02:58]} 5. Nc3 {[%clk 01:30:17]} {[%emt 00:01:22]}
Nc6 {[%clk 01:26:45]} {[%emt 00:00:47]} 6. d5 {[%clk 01:30:42]} {[%emt
00:00:05]} Ne5 {[%clk 01:25:25]} {[%emt 00:01:48]} 7. h3 {[%clk 01:29:18]}
{[%emt 00:01:57]} g6 {[%clk 01:24:55]} {[%emt 00:00:59]} 8. f4 {[%clk
01:29:08]} {[%emt 00:00:40]} Ned7 {[%clk 01:21:13]} {[%emt 00:04:12]} 9. Qd4
{[%clk 01:28:49]} {[%emt 00:00:49]} Bg7 {[%clk 01:20:25]} {[%emt 00:01:18]} 10.
e5 {[%clk 01:28:06]} {[%emt 00:01:13]} Nh5 {[%clk 01:19:57]} {[%emt 00:00:58]}
11. Nf3 {[%clk 01:27:35]} {[%emt 00:01:01]} O-O {[%clk 01:18:50]} {[%emt
00:01:37]} 12. Ne4 {[%clk 01:24:19]} {[%emt 00:03:46]} f6 {[%clk 01:11:25]}
{[%emt 00:07:54]} 13. e6 {[%clk 01:23:57]} {[%emt 00:00:53]} f5 {[%clk
01:11:09]} {[%emt 00:00:45]} 14. Qe3 {[%clk 01:20:51]} {[%emt 00:03:36]} fxe4
{[%clk 01:10:04]} {[%emt 00:01:34]} 15. exd7 {[%clk 01:21:05]} {[%emt
00:00:16]} Bxd7 {[%clk 01:08:44]} {[%emt 00:01:50]} 16. Qxe4 {[%clk 01:20:41]}
{[%emt 00:00:55]} Bf5 {[%clk 01:07:45]} {[%emt 00:01:27]} 17. Qb4 {[%clk
01:19:57]} {[%emt 00:01:15]} Rb8 {[%clk 01:06:03]} {[%emt 00:02:12]} 18. g4
{[%clk 01:19:24]} {[%emt 00:01:04]} Bc2 {[%clk 01:02:40]} {[%emt 00:03:50]} 19.
gxh5 {[%clk 01:18:39]} {[%emt 00:01:18]} a5 {[%clk 01:01:55]} {[%emt 00:01:15]}
20. Qa3 {[%clk 01:17:02]} {[%emt 00:02:05]} gxh5 {[%clk 01:01:23]} {[%emt
00:01:05]} 21. Rg1 {[%clk 01:17:11]} {[%emt 00:00:21]} a4 {[%clk 01:00:11]}
{[%emt 00:01:43]} 22. Qc3 {[%clk 01:17:33]} {[%emt 00:00:07]} Rf7 {[%clk
00:59:40]} {[%emt 00:01:01]} 23. Qxc2 {[%clk 01:17:31]} {[%emt 00:00:32]} Rc8
{[%clk 00:59:13]} {[%emt 00:00:57]} 24. Qxa4 {[%clk 01:16:26]} {[%emt
00:01:34]} Rc7 {[%clk 00:57:08]} {[%emt 00:02:35]} 25. Be3 {[%clk 01:16:08]}
{[%emt 00:00:45]} Kf8 {[%clk 00:55:56]} {[%emt 00:01:45]} 26. Bb6 {[%clk
01:16:28]} {[%emt 00:00:11]} Rf5 {[%emt 00:03:12]} 27. Bxc7 {[%clk 01:16:14]}
{[%emt 00:00:02]} Qxc7 {[%clk 00:54:12]} {[%emt 00:00:13]} 28. Qa8+ {[%clk
01:16:34]} {[%emt 00:00:11]} Kf7 {[%clk 00:54:04]} {[%emt 00:00:37]} 29. Ng5+
{[%clk 01:16:40]} {[%emt 00:00:25]} Kf6 {[%clk 00:53:24]} {[%emt 00:01:08]} 30.
Nxh7+ {[%clk 01:16:15]} {[%emt 00:00:55]} Kf7 {[%clk 00:53:26]} {[%emt
00:00:28]} 31. Rg2 {[%clk 01:15:37]} {[%emt 00:01:09]} Rxf4 {[%clk 00:52:48]}
{[%emt 00:01:07]} 32. Bd3 {[%clk 01:15:23]} {[%emt 00:00:45]} Rf3 {[%clk
00:51:57]} {[%emt 00:01:21]} 33. Rxg7+ {[%clk 01:15:48]} {[%emt 00:00:06]} Kxg7
{[%clk 00:52:07]} {[%emt 00:00:19]} 34. Ke2 {[%clk 01:16:01]} {[%emt 00:00:18]}
Rxh3 {[%clk 00:51:45]} {[%emt 00:00:52]} 35. Qf8# {[%clk 01:15:52]} {[%emt
00:00:08]} 1-0